| 000 | 00369nam a2200145 4500 | ||
|---|---|---|---|
| 001 | 108942 | ||
| 003 | ES-MaACL | ||
| 005 | 20230906184737.0 | ||
| 007 | t| | ||
| 008 | 061121s1922 mx r ||||1| spa d | ||
| 245 | 0 | 3 | _aEl movimiento educativo en México. |
| 260 |
_aMéxico : _bTalleres Gráficos, _c1922. |
||
| 300 |
_a648 p. ; _c24 cm. |
||
| 852 |
_aES-MaACL _jC-2819 |
||
| 999 |
_c108942 _d108942 |
||